| 000 | 00409nam a22001577a 4500 | ||
|---|---|---|---|
| 005 | 20230725134033.0 | ||
| 008 | 230725b |||||||| |||| 00| 0 eng d | ||
| 020 | _a978-93-83992-49-2 | ||
| 041 | _aeng | ||
| 100 |
_aRATHORE, SANJAY SINGH AND SHEKHAWAT, KAPILA _97867 |
||
| 245 | _aCLIMATE SMART AGRONOMY | ||
| 260 |
_aNEW DELHI _bBHAVYA BOOKS |
||
| 300 | _a260;p | ||
| 650 |
_aAGRICULTURE _97868 |
||
| 942 | _cBK | ||
| 999 |
_c8331 _d8329 |
||